Name an F1 Team A-Z - Statistics

General Stats
  • This quiz has been taken 1,430 times
  • The average score is 12 of 22
Answer Stats
Hint Answer % Correct
A Adams | AGS | Alfa Romeo | Alfa Special | All American Racers | AlphaTauri | Alpine | Alta | Amon | Andrea Moda | Arrows | Ason | Aston Martin | ATS
98%
F Ferguson | Ferrari | Fittipaldi | Fondmetal | Footwork | Force India | Forti | Frazer-Nash
92%
B BAR | Behra | Bellasi | Bennetton | BMW | BMW-Sauber | Boro | Brabham | Brawn | BRM | Bromme | BRP | Bugatti
91%
M Maki | Manor | March | Marchese | Martini | Marussia | Maserati | Matra | McGuire | McLaren | Mercedes | Merzario | Meskowski | Midland | Minardi | Moda | Moore | Motor Racing Developments
89%
R Racing Point | Rae | RAM | Rebaque | Red Bull | Renault | Rial
84%
H Haas | Hall | Hesketh | Hill | Honda | HRT | HWM
83%
W Watson | Wetteroth | Williams | Wolf | Wolf-Williams
77%
S Salih | Sauber | Scarab | Schroeder | Scirocco | Shadow | Shannon | Sherman | Simca-Gordini | Simtek | Snowberger | Spirit | Spyker | Stebro | Stevens | Stewart | Super Aguri | Surtees | Sutton
72%
L Lambo | Lancia | Langley | Larrousse | LDS | LEC | Lesovsky | Leyton House | Life | Ligier | Lola | Lotus | Lyncar
71%
T Talbot | Tec-Mec | Tecno | Theodore | Token | Toleman | Toro Rosso | Toyota | Trevis | Trojan | Turner | Tyrrell
70%
J Jaguar | JBW | Jordan
68%
C Caterham | Christensen | Coloni | Connaught | Connew | Cooper
62%
P Pacific | Pankratz | Parnelli | Pawl | Penske | Phillips | Politoys | Porsche | Prost
57%
V Vanwall | Venturi | Veritas | Virgin
47%
Z Zakspeed
35%
D Dallara | Deidt | Derrington-Francis | De Tomaso | Dunn Del Roy
34%
E Eagle | Elder | Emeryson | EMW | ENB | Ensign | Epperly | ERA | Eurobrun | Ewing
29%
O Olson | Onyx | OSCA | Osella
24%
G Gilby | Gordini
16%
K Kauhsen | Klenk-Meteor | Kojjima | Kurtis Kraft | Kuzma
13%
I Iso-Marlboro
12%
N Nichels
6%
No matching quizzes found
Score Distribution
Percent of People with Each Score
Percentile by Number Answered
Your Score History
You have not taken this quiz